000 01008nas a2200325 4500
001 BR2011005586
003 BR-BrBNA
005 20231205115126.0
007 ta
008 230509b bl.|||p| |||| 00| 00por d
040 _aBR-BrBNA
_bpor
_cBiblioteca Nacional de Agricultura
041 _a(Pt)
072 _aF01; J11
100 1 _aSteffens, C.A.
100 1 _aAmarante, C.V.T. do
100 1 _aChechi, R.
100 1 _aZanardi, O.Z.
100 1 _aEspíndola, B.P.
100 1 _aMeneghini, A.L.
245 1 _aO tratamento pré-colheita com aminoetoxivinilglicina ou ácido giberélico preserva a qualidade pós-colheita de ameixas "Laetitia"
650 _aAMEIXA
650 _aÁCIDO GIBERÉLICO
650 _aREGULADOR DE CRESCIMENTO
650 _aMATURAÇÃO
650 _aPÓS-COLHEITA
650 _aQUALIDADE
773 0 _tBragantia (Brazil)
_xISSN 0006-8705
_g(Jan-Mar 2011), v. 70(1) p. 222-227
_wBR2011005586
909 _a202311
_bLúcia
_c55
_dLúcia Elande
942 _2AGRIS
_n0
_cANA
999 _c212200
_d212200